00650cam a22002173a 45000010005000000030006000050050017000110080041000280400015000690420007000840500007000911000034000982450067001322600029001995060030002285160020002586530037002786530048003158300028003638560041003911336PGUSA20140828083000.0980601s1998||||xxu|||||s|||||000 | eng d aPGUSAbeng adc 4aPR1 aThompson, Francis,d1859-190710aShelley :bAn Essayh[electronic resource] /cFrancis Thompson bProject Gutenberg,c1998 aPublic domain in the USA. aElectronic text aShelley, Percy Bysshe, 1792-1822 aPoets, English -- 19th century -- Biography 0aProject Gutenbergv133640uhttp://www.gutenberg.org/ebooks/1336